| 000 | 00438cam a22001574a 4500 | ||
|---|---|---|---|
| 020 | _a0072826819 (alk. paper) | ||
| 040 | _cDLC | ||
| 082 | 0 | 0 | _a904 HIL 2006 A087 Or. |
| 100 | 1 | _aAbbott, Patrick L | |
| 245 | 1 | 0 | _aNatural disasters / |
| 250 | _a5th ed | ||
| 260 |
_aBoston : _bMcGraw-Hill Higher Education, _cc2006 |
||
| 300 |
_axvii, 496 p. : _bill. (some col.), maps (some col.) ; _c28 cm |
||
| 650 | 0 | _aNatural disasters | |
| 942 | _cEK | ||
| 999 |
_c17054 _d17054 |
||